logo

Bir Sreshtho Munshi Abdur Rouf Library
Jhenaidah Cadet College

Maps : (Record no. 4314)

MARC details
000 -LEADER
fixed length control field 00597nam a2200229 a 4500
001 - CONTROL NUMBER
JCCL Control Number 4314
003 - CONTROL NUMBER IDENTIFIER
JCCL marc code BD-JhCC
005 - DATE AND TIME OF LATEST TRANSACTION
control field 20171126192159.0
008 - FIXED-LENGTH DATA ELEMENTS--GENERAL INFORMATION
fixed length control field 171126b19491966e p|||| || | 001 0 eng d
035 ## - SYSTEM CONTROL NUMBER
system control number (BD-JhCC)4314
040 ## - CATALOGING SOURCE
Original cataloging agency BD-JhCC
Modifying agency BD-JhCC
041 ## - LANGUAGE CODE
Language code of Book eng
082 ## - DEWEY DECIMAL CLASSIFICATION NUMBER
Classification number 526.8
Author mark and Year BIR 1966
100 ## - MAIN ENTRY--PERSONAL NAME
Personal name Birch, T. W
245 ## - TITLE STATEMENT
Title Maps :
Remainder of title Tooographical and Statistical /
Statement of responsibility, etc T. W. Birch
250 ## - EDITION STATEMENT
Edition statement 2nd ed.
260 ## - PUBLICATION, DISTRIBUTION, ETC. (IMPRINT)
Place of publication, distribution, etc Great britain :
Name of publisher, distributor, etc Oxford at the Glarendon Press,
Date of publication, distribution, etc BIR 1966.
300 ## - PHYSICAL DESCRIPTION
Pagination 240. :
Other physical details ill. ;
Dimensions 23 cm.
650 ## - SUBJECT ADDED ENTRY--TOPICAL TERM
Topical term or geographic name as entry element Cartography
942 ## - ADDED ENTRY ELEMENTS (KOHA)
Source of classification or shelving scheme Dewey Decimal Classification
Koha item type Books
Holdings
Source of classification or shelving scheme Damaged status Not for loan Home library Current library Shelving location Date of accession Cost, normal purchase price Total Checkouts Full call number Barcode Date last seen Copy number Koha item type
Dewey Decimal Classification     JCC Rouf Library JCC Rouf Library General Stacks 11/26/2017 20.00   526.8 BIR 1966 5906 11/26/2017 C-1 Books
Dewey Decimal Classification     JCC Rouf Library JCC Rouf Library General Stacks 03/06/2018     526.8 BIR 1966 11065 03/06/2018 C-2 Books

JCC Library | Contacts | JCC Home

Last Update on 23 September 2017
Copyright @ 2017-2020 JCC Rouf Library
Rouf Library, Jhenidah Cadet College (JCC), Bangladesh